2022 MLB Opening Day Starting Pitchers Quiz (With Pictures) - Statistics

General Stats
  • This quiz has been taken 142 times
  • The average score is 17 of 30
Answer Stats
Picture Hint Answer % Correct
Arizona Diamondbacks Madison Bumgarner
95%
Atlanta Braves Max Fried
91%
Los Angeles Angels Shohei Ohtani
81%
New York Yankees Gerrit Cole
79%
Texas Rangers Jon Gray
75%
Cleveland Guardians Shane Bieber
75%
Philadelphia Phillies Aaron Nola
73%
Milwaukee Brewers Corbin Burnes
73%
San Diego Padres Yu Darvish
73%
Miami Marlins Sandy Alcantara
71%
Kansas City Royals Zack Greinke
71%
Chicago Cubs Kyle Hendricks
70%
Washington Nationals Patrick Corbin
64%
St. Louis Cardinals Adam Wainwright
57%
Colorado Rockies Kyle Freeland
56%
Los Angeles Dodgers Walker Buehler
54%
Toronto Blue Jays José Berríos
51%
Seattle Mariners Robbie Ray
50%
Chicago White Sox Lucas Giolito
46%
Boston Red Sox Nathan Eovaldi
46%
Baltimore Orioles John Means
44%
San Francisco Giants Logan Webb
42%
Houston Astros Framber Valdez
38%
Oakland Athletics Frankie Montas
38%
Detroit Tigers Eduardo Rodriguez
36%
Tampa Bay Rays Shane McClanahan
29%
Cincinnati Reds Tyler Mahle
24%
Minnesota Twins Joe Ryan
23%
Pittsburgh Pirates JT Brubaker
19%
New York Mets Tylor Megill
17%
No matching quizzes found
Score Distribution
Percent of People with Each Score
Percentile by Number Answered
Your Score History
You have not taken this quiz